00388nam a2200145Ia 450000500170000000800410001702000180005808200240007610000210010024500210012126000390014230000130018140000370019465000110023120250416163252.0231217s9999 xx 000 0 und d a9788131711910 a001.6424C MIC;1 R aMichaelis, Mark. 0aEssential C# 2.0 c2007bPearson EducationaNew Delhi axli, 720 aMicrosoft.NET development series aC#,2.0